Estudios Sociales Centroamericanos / (Enero-Abril 1979) Año 8, Número 22
में बचाया:
| निगमित लेखक: | |
|---|---|
| स्वरूप: | पुस्तक |
| भाषा: | Spanish |
| प्रकाशित: |
San José, Costa Rica:
Universidad de Costa Rica; Consejo Superior Universitario Centroamericano,
|
| विषय: | |
| टैग: |
टैग जोड़ें
कोई टैग नहीं, इस रिकॉर्ड को टैग करने वाले पहले व्यक्ति बनें!
|
MARC
| LEADER | 00000nam a22000007a 4500 | ||
|---|---|---|---|
| 003 | cru CIDCACS/IIS | ||
| 005 | 20220608104425.0 | ||
| 007 | ta | ||
| 008 | 170213n1979 cr ||||| |||| 00| 0 spa d | ||
| 022 | |a 0303-9676 | ||
| 040 | |c CRAI/IIS |a CRAI/IIS | ||
| 090 | |a REV0467 8(22) 1979 | ||
| 110 | 1 | |9 8176 |a Consejo Superior Universitario Centroamericano (CSUCA) | |
| 245 | 1 | |a Estudios Sociales Centroamericanos / |b (Enero-Abril 1979) Año 8, Número 22 |c CSUCA | |
| 260 | |a San José, Costa Rica: |b Universidad de Costa Rica; Consejo Superior Universitario Centroamericano, | ||
| 270 | |b Montes de Oca |c San José |d Costa Rica | ||
| 300 | |a 287 páginas | ||
| 310 | |a Cuatrimestral | ||
| 500 | |a Colección Centroamérica | ||
| 505 | |a ARTÍCULOS Y ENSAYOS Presentación Páginas (9-13) Modelos de acumulación, clases sociales y agricultura Gonzalo Arroyo (páginas 15-37) El sector agroindustrial en Costa Rica Juan Carlos del Bello (páginas 39-69 Modernización agrícola en El Salvador Santiago Ruiz Granadino (páginas 71-100) La agroindustria de la carne en Honduras Daniel Slutsky (páginas 101-205) Reforma agraria y organización campesina Francisco Barahona (páginas 207-226) La valoración de las exportaciones y las transferencias entre compañías dedicas a la industria de exportación del banano en Centroamérica Frank Ellis (páginas 227-247) PROBLEMAS Y DEBATES TEÓRICOS METODOLÓGICOS Notas sobre el nuevo eje de acumulación capitalista en Centroamérica. El caso de Nicaragua Oscar René Vargas Escobar (páginas 251-272) | ||
| 650 | 0 | |2 OCDE |9 2363 |a SECTOR INDUSTRIAL | |
| 650 | 0 | |9 597 |a CARNE | |
| 650 | 0 | |9 1144 |a COMERCIO AGRICOLA | |
| 650 | 0 | |9 669 |a ACUMULACION DE CAPITAL | |
| 651 | 0 | |9 308 |a CENTROAMERICA | |
| 773 | |g Volumen 8, número 22, (Enero-Abril 1979) |t Estudios Sociales Centroamericanos |o 14349 | ||
| 942 | |2 z |c PP |s 1 | ||
| 999 | |c 44286 |d 44286 | ||
